000 00488nam a2200181Ia 4500
001 8097
005 20260306160544.0
008 260306t2010||||xx |||||||||||||| ||spa||
041 _aESP
082 _a370.1
_bR72
100 _aRoche Olivar, Robert
_eAUT
245 0 _aProsocialidad nuevos desafíos:
_bmétodos y pautas para la optimización creativa del entorno
260 _c2010
300 _a199 páginas :
_c22 cm.
650 _aGEN
654 _aCED
942 _cLIB
_dJUS
_fJUS
_2ddc
_n
999 _c8097
_d8097